000 00518nam a2200181Ia 4500
008 230917s9999||||xx |||||||||||||| ||und||
020 _cRS699
040 _e237857
_aMAIN
041 _aEnglish
082 _a519.2 P198P(4)
100 _aPapoulis, Athanasios
245 0 _aProbability, random variables and stochastic processes
250 _a4th ed.
260 _aChennai
_bMcGraw Hill Education (India)
_c2016
300 _ax, 852 p.
500 _a2605 09/02/2017 HBD17/6865 08/03/2017 Main Budget
942 _cBK
999 _c21355
_d21355